Court of justice of the European Union (Record no. 1164415)

MARC details
000 -LEADER
fixed length control field 00746nam a2200253Ia 4500
003 - CONTROL NUMBER IDENTIFIER
control field OSt
005 - DATE AND TIME OF LATEST TRANSACTION
control field 20221007081829.0
008 - FIXED-LENGTH DATA ELEMENTS--GENERAL INFORMATION
fixed length control field 221006b |||||||| |||| 00| 0 eng d
020 ## - INTERNATIONAL STANDARD BOOK NUMBER
International Standard Book Number 9781509919086
037 ## - SOURCE OF ACQUISITION
Terms of availability Textual
040 ## - CATALOGING SOURCE
Original cataloging agency FLL
Transcribing agency FLL
Language of cataloging eng
041 ## - LANGUAGE CODE
Source of code eng
Language code of text/sound track or separate title eng
100 ## - MAIN ENTRY--PERSONAL NAME
Personal name DERLEN Mattias Ed.
9 (RLIN) 698146
245 #0 - TITLE STATEMENT
Title Court of justice of the European Union
Remainder of title Multidisciplinary perspectives
260 ## - PUBLICATION, DISTRIBUTION, ETC.
Place of publication, distribution, etc. Portland
Name of publisher, distributor, etc. Hart Publishing USA
Date of publication, distribution, etc. 2018
300 ## - PHYSICAL DESCRIPTION
Extent xii,233p.
Dimensions cm.
700 ## - ADDED ENTRY--PERSONAL NAME
Personal name LINDHOLM Johan Ed.
9 (RLIN) 698147
942 ## - ADDED ENTRY ELEMENTS (KOHA)
Classification part Z5,8, Q8
Koha item type Textual
Source of classification or shelving scheme Colon Classification (CC)
Holdings
Withdrawn status Lost status Source of classification or shelving scheme Damaged status Not for loan Home library Current library Date acquired Total Checkouts Full call number Barcode Date last seen Price effective from Koha item type
    Colon Classification (CC)     Faculty of Law Library Faculty of Law Library 2022-10-07   Z5,8 Q8 LL1615987 2022-10-07 2022-10-07 Textual
Copyright @ Delhi University Library System